Ανάλυση της τεχνολογίας cloud computing : πτυχιακή εργασία
Αποθηκεύτηκε σε:
| Κύριος συγγραφέας: | |
|---|---|
| Συγγραφή απο Οργανισμό/Αρχή: | |
| Άλλοι συγγραφείς: | |
| Μορφή: | Thesis Βιβλίο |
| Γλώσσα: | Greek |
| Δημοσίευση: |
2012
|
| Θέματα: | |
| Διαθέσιμο Online: | http://hdl.handle.net/11610/6946 |
| Ετικέτες: |
Προσθήκη ετικέτας
Δεν υπάρχουν, Καταχωρήστε ετικέτα πρώτοι!
|
MARC
| LEADER | 00000cam a2200000 i 4500 | ||
|---|---|---|---|
| 001 | 1/42857 | ||
| 008 | 140224s2012 gre d | ||
| 035 | |l 10116823 | ||
| 040 | |a GR-MY-UA |b gre |e aacr | ||
| 041 | 0 | |a gre | |
| 082 | 0 | |a 004.6782 |2 (22) | |
| 100 | 1 | |a Κουτσανέλλος, Νικήτας. | |
| 245 | 1 | 0 | |a Ανάλυση της τεχνολογίας cloud computing : |b πτυχιακή εργασία / |c Νικήτας Κουτσανέλλος ; επιβλέπων καθηγητής: Βαλίρης Γεώργιος |
| 260 | |c 2012 | ||
| 300 | |a 66 σ.; |b εικ.; |c 30 εκ. | ||
| 502 | # | # | |a Πτυχιακή εργασία – Πανεπιστήμιο Αιγαίου, Χίος, 2012. |
| 504 | |a Περιλαμβάνει βιβλιογραφία | ||
| 650 | 0 | 0 | |a Cloud computing. |
| 650 | 0 | 0 | |a Electronic data processing |x Distributed processing. |
| 650 | 0 | 0 | |a Web services. |
| 650 | 0 | 0 | |a Multimedia systems |x Computer programs. |
| 650 | 0 | 0 | |a Dissertations, Academic |z Greece. |
| 700 | 1 | |a Βαλίρης, Γεώργιος. |4 ths | |
| 710 | 1 | |a Πανεπιστήμιο Αιγαίου |b Σχολή Επιστημών της Διοίκησης |b Τμήμα Διοίκησης Επιχειρήσεων - Τ.Δ.Ε. | |
| 852 | |a INST |b CHIOS |c DIATR |e 20140225 |h 004.6782 ΚΟΥ |p 005200034987 |q 005200034987 |t DIE |y 23 | ||
| 852 | |a INST |b CHIOS |c DIATR |e 20140224 |h 004.6782 ΚΟΥ |p 005200034988 |q 005200034988 |t DIE |y 23 | ||
| 856 | |u http://hdl.handle.net/11610/6946 | ||
| 901 | |a BIBL2-2014-1 | ||
| 909 | |a Χ |b 175958 | ||
| 909 | |a Χ |b 175979 | ||
| 924 | |a ΚΟΥΤΣΑΝΕΛΛΟΣ |b ΝΙΚΗΤΑΣ |y ΧΙΟΣ |z 2012-02 | ||
| 970 | |a ΠΑΡΟΙΚΑΚΗ |b ΒΑΣΙΛΙΚΗ |z 2014/02/24 | ||